[Event "XIII American Continental"]
[Site "Montevideo URU"]
[Date "2018.06.07"]
[Round "7"]
[White "Garmendia Vega, Gabriel"]
[Black "Januario, Severino Pereira"]
[Result "0-1"]
[WhiteElo "2029"]
[BlackElo "2175"]
[EventDate "2018.06.01"]
[PlyCount "106"]

1.e4 e5 2.Nf3 Nc6 3.d4 exd4 4.Nxd4 Nf6 5.Nxc6 bxc6 6.Bd3 d5 7.e5 Ng4 8.O-O
Bc5 9.Qe2 Qe7 10.Bf4 g5 11.Bd2 Nxe5 12.Re1 Nxd3 13.Qxd3 Be6 14.Bc3 O-O 15.
Nd2 Rad8 16.Nb3 d4 17.Nxc5 Qxc5 18.Bd2 Rd5 19.b4 Qd6 20.Qa3 a5 21.c4 Rf5 
22.c5 axb4 23.Bxb4 Qf4 24.Qg3 Qxg3 25.hxg3 Rb8 26.a3 Kf8 27.Rad1 Rd5 28.
Re4 Rbd8 29.g4 Bc8 30.Rde1 Ba6 31.Re7 R5d7 32.R7e5 h6 33.f4 gxf4 34.Bd2 d3
35.R1e4 Rd4 36.Kf2 Bc8 37.Kf3 Be6 38.Rxf4 Rxf4+ 39.Kxf4 Kg7 40.Bc3 Kg6 41.
Ke3 Bxg4 42.Re7 Bf5 43.Rxc7 Re8+ 44.Kf4 Be4 45.Rd7 Bd5 46.Rd6+ Kh7 47.g4 
Re4+ 48.Kf5 Re2 49.Bd4 d2 50.Rd8 Rf2+ 51.Bxf2 d1=Q 52.Bh4 Qf3+ 53.Ke5 Qxg4
0-1

[Event "XIII American Continental"]
[Site "Montevideo URU"]
[Date "2018.06.07"]
[Round "7"]
[White "Miraballes Lopez, Andres"]
[Black "Pacheco, Daniel"]
[Result "0-1"]
[WhiteElo "1665"]
[BlackElo "2256"]
[EventDate "2018.06.01"]
[PlyCount "38"]

1.e4 e6 2.d4 d5 3.exd5 exd5 4.c4 Nf6 5.Nf3 Bb4+ 6.Nbd2 O-O 7.Be2 dxc4 8.
Bxc4 Re8+ 9.Be2 Nc6 10.a3 Ba5 11.Qa4 Qe7 12.Ne5 Nxe5 13.dxe5 Qxe5 14.O-O 
Bd7 15.Bb5 Qxb5 16.Qd1 Bf5 17.Re1 Bc2 18.Rxe8+ Rxe8 19.Qxc2 Re1+ 0-1

[Event "XIII American Continental"]
[Site "Montevideo URU"]
[Date "2018.06.07"]
[Round "7"]
[White "Benoit, Rodrigo"]
[Black "Da Silva Junior, Sediney Mari"]
[Result "1-0"]
[WhiteElo "2238"]
[BlackElo "1990"]
[EventDate "2018.06.01"]
[PlyCount "95"]

1.d4 f5 2.Nf3 Nf6 3.Bf4 d6 4.e3 c6 5.c4 Qa5+ 6.Nc3 Ne4 7.Qc2 Nd7 8.Nd2 
Nxd2 9.Qxd2 e5 10.Bg3 Be7 11.Be2 O-O 12.O-O Nf6 13.b4 Qxb4 14.dxe5 dxe5 
15.Bxe5 Ne4 16.Nxe4 fxe4 17.Qc2 Bf5 18.Rab1 Qa5 19.Qb2 Ba3 20.Qa1 Rf7 21.
Rfd1 Raf8 22.c5 Be6 23.Bd6 Bb4 24.Qe5 Bxa2 25.Bxf8 Bc3 26.Qd6 Rf6 27.Qb8 
Rxf8 28.Qxb7 Bxb1 29.Qxb1 Qxc5 30.Qxe4 Ba5 31.Bd3 Qh5 32.Bc4+ Kh8 33.Rd7 
Qc5 34.h4 Be1 35.Rf7 Rxf7 36.Bxf7 Qf8 37.Qe6 a5 38.h5 c5 39.h6 Bc3 40.e4 
Qb8 41.Qf5 Be5 42.g3 gxh6 43.f4 Bd4+ 44.Kg2 Qc7 45.e5 Qc6+ 46.Kh2 Kg7 47.
Be6 Qe8 48.Qf6# 1-0

[Event "XIII American Continental"]
[Site "Montevideo URU"]
[Date "2018.06.07"]
[Round "7"]
[White "Nascimento, Pedro Henrique Alves"]
[Black "Markzon, Gregory"]
[Result "1/2-1/2"]
[WhiteElo "1979"]
[BlackElo "2144"]
[EventDate "2018.06.01"]
[PlyCount "89"]

1.d4 Nf6 2.c4 g6 3.Nc3 Bg7 4.e4 d6 5.Be2 O-O 6.Nf3 e5 7.d5 a5 8.Bg5 h6 9.
Bh4 Qe8 10.Nd2 Na6 11.O-O Bd7 12.b3 h5 13.f3 Nh7 14.Rb1 f5 15.a3 g5 16.Bf2
f4 17.b4 axb4 18.axb4 b6 19.c5 bxc5 20.Bxa6 Rxa6 21.bxc5 g4 22.Qe2 Ra3 23.
Nb5 gxf3 24.Nxf3 Bxb5 25.Rxb5 Qg6 26.Nh4 Qg5 27.Kh1 Nf6 28.Rb4 Ng4 29.Nf5 
Rxf5 30.exf5 Qxf5 31.cxd6 cxd6 32.Bg1 Nf6 33.Qb2 Rd3 34.Rb8+ Kh7 35.Qb1 e4
36.Rb3 Rxb3 37.Qxb3 Qe5 38.Qc4 Nxd5 39.Rd1 Ne3 40.Bxe3 fxe3 41.Kg1 h4 42.
h3 Qf5 43.Rf1 Qe5 44.Rd1 Qf5 45.Rf1 1/2-1/2

[Event "XIII American Continental"]
[Site "Montevideo URU"]
[Date "2018.06.07"]
[Round "7"]
[White "Granara Barreto, Sebastian"]
[Black "Vazquez, Facundo"]
[Result "1/2-1/2"]
[WhiteElo "2141"]
[BlackElo "1969"]
[EventDate "2018.06.01"]
[PlyCount "88"]

1.d4 Nf6 2.Nc3 d5 3.Bf4 g6 4.Qd2 Bg7 5.Bh6 Bxh6 6.Qxh6 e6 7.Nf3 Qe7 8.Ne5 
Nfd7 9.O-O-O Nc6 10.e4 Ncxe5 11.dxe5 c6 12.h4 Nb6 13.h5 gxh5 14.Qg7 Rf8 
15.Rxh5 Bd7 16.Qf6 Bc8 17.Qxe7+ Kxe7 18.Rxh7 Bd7 19.Be2 Rh8 20.Rdh1 Rxh7 
21.Rxh7 Rg8 22.g4 c5 23.f4 d4 24.Nd1 Bc6 25.Nf2 Nd7 26.Rh5 b5 27.Rh6 c4 
28.Bf3 Bb7 29.Nh3 Nf8 30.Ng5 Rxg5 31.fxg5 Ng6 32.Rh5 a6 33.a4 Bc6 34.axb5 
axb5 35.Be2 Bxe4 36.b3 Bd5 37.bxc4 bxc4 38.Rh2 Nxe5 39.Rf2 d3 40.cxd3 cxd3
41.Bd1 Nc4 42.Bf3 Bxf3 43.Rxf3 Ne5 44.Rf4 Ng6 1/2-1/2

[Event "XIII American Continental"]
[Site "Montevideo URU"]
[Date "2018.06.07"]
[Round "7"]
[White "Dominguez Barreto, Facundo"]
[Black "Moyses Sobrinho, Elias"]
[Result "0-1"]
[WhiteElo "2141"]
[BlackElo "1920"]
[EventDate "2018.06.01"]
[PlyCount "170"]

1.e4 d5 2.exd5 Nf6 3.d4 Nxd5 4.c4 Nb6 5.Nc3 Nc6 6.d5 Ne5 7.f4 Ng6 8.c5 Nd7
9.c6 bxc6 10.dxc6 Nb6 11.Qxd8+ Kxd8 12.Be3 e5 13.O-O-O+ Bd6 14.fxe5 Nxe5 
15.Be2 Nxc6 16.Bf3 Bd7 17.Nb5 Ke7 18.Nd4 Nxd4 19.Bxa8 Nf5 20.Bxb6 cxb6 21.
Be4 Rc8+ 22.Kb1 Be6 23.Ne2 g6 24.Nd4 Nxd4 25.Rxd4 Bc5 26.Rdd1 a5 27.Rhe1 
Kf8 28.Bd3 Bg4 29.Be2 Bf5+ 30.Ka1 Bb4 31.Rf1 Rc2 32.Bf3 Be7 33.Rc1 Rd2 34.
Rfd1 Rf2 35.Rc6 Bc5 36.a3 Bc2 37.Re1 Bb3 38.Rc8+ Kg7 39.Ra8 a4 40.Rae8 Be6
41.Rd8 h5 42.Rdd1 Bb3 43.Rc1 Rd2 44.Re2 Rd4 45.Be4 Bc4 46.Ree1 Bb3 47.Bf3 
Bd6 48.Re4 Rd2 49.Re2 Rd3 50.h3 Bf4 51.Rf1 h4 52.Be4 Re3 53.Rxe3 Bxe3 54.
Kb1 f5 55.Bf3 f4 56.Re1 Kf6 57.Bd1 Bd5 58.Bf3 Bb3 59.Ka1 Ke5 60.Bd1 Bd5 
61.Re2 Bb3 62.Bc2 g5 63.Kb1 Kd4 64.Re1 Bd5 65.Re2 b5 66.Bf5 Bc4 67.Re1 
Bd3+ 68.Bxd3 Kxd3 69.Rf1 Ke2 70.Rf3 Bf2 71.Kc2 Kf1 72.Kd1 Kg1 73.Ke2 Bd4 
74.b3 Kxg2 75.bxa4 bxa4 76.Rf1 Kxh3 77.Kf3 g4+ 78.Kxf4 g3 79.Rh1+ Kg2 80.
Rxh4 Kf2 81.Rg4 g2 82.Ke4 Bb2 83.Kd3 Bxa3 84.Rf4+ Kg3 85.Rxa4 g1=Q 0-1

[Event "XIII American Continental"]
[Site "Montevideo URU"]
[Date "2018.06.07"]
[Round "7"]
[White "Rothebarth, Ana Vitoria de Paula"]
[Black "Chaves, Jorge Antonio Torres"]
[Result "1/2-1/2"]
[WhiteElo "2090"]
[BlackElo "1936"]
[EventDate "2018.06.01"]
[PlyCount "126"]

1.e4 c5 2.Nf3 e6 3.g3 Nc6 4.Bg2 d6 5.O-O Nf6 6.Re1 Be7 7.c3 O-O 8.d4 cxd4 
9.cxd4 e5 10.d5 Nb8 11.Nc3 Na6 12.a3 Bg4 13.h3 Bd7 14.Bd2 Qe8 15.b4 Bd8 
16.Nh4 Bb6 17.Rc1 Bd4 18.Bg5 Kh8 19.Bxf6 gxf6 20.Qf3 Qe7 21.Nd1 Rg8 22.Ne3
Bxe3 23.Rxe3 Rac8 24.Rec3 Rxc3 25.Rxc3 Rc8 26.Bf1 Nb8 27.Kg2 Rxc3 28.Qxc3 
Qd8 29.Be2 f5 30.exf5 f6 31.Qe3 b6 32.Qh6 Kg8 33.Bh5 Qf8 34.Qc1 Qc8 35.
Qxc8+ Bxc8 36.Be8 Bb7 37.Kf3 Bxd5+ 38.Ke3 Nc6 39.Nf3 Ne7 40.Bd7 Kf7 41.Nd2
Ba2 42.Ne4 Nd5+ 43.Kd2 Nc7 44.g4 Ke7 45.Ba4 h6 46.h4 Bd5 47.f3 Bxe4 48.
fxe4 d5 49.exd5 Nxd5 50.Bb3 Nf4 51.Ke3 Kd6 52.Bc4 a5 53.bxa5 bxa5 54.Ke4 
Nh3 55.Bf7 Nf2+ 56.Kf3 Nd1 57.Ke4 Nc3+ 58.Ke3 Nb5 59.a4 Nd4 60.Ke4 Nc6 61.
Be8 Nd4 62.Bf7 Nc6 63.Be6 Nd4 1/2-1/2

[Event "XIII American Continental"]
[Site "Montevideo URU"]
[Date "2018.06.07"]
[Round "7"]
[White "Ruggiero, Alvaro"]
[Black "Cervantes Landeiro, Thalia"]
[Result "0-1"]
[WhiteElo "1894"]
[BlackElo "2087"]
[EventDate "2018.06.01"]
[PlyCount "248"]

1.e4 c5 2.Nc3 a6 3.a4 Nc6 4.f4 g6 5.Nf3 Bg7 6.g3 e6 7.Bg2 Nge7 8.O-O O-O 
9.d3 d5 10.e5 Rb8 11.Kh1 b5 12.axb5 axb5 13.d4 cxd4 14.Ne2 b4 15.Nexd4 Bd7
16.Nxc6 Nxc6 17.Be3 Re8 18.Bc5 Rb5 19.Bf2 Qc7 20.Re1 Bf8 21.Nd4 Nxd4 22.
Bxd4 Bc5 23.Bf1 Rbb8 24.c3 bxc3 25.bxc3 Bb5 26.Bxb5 Rxb5 27.Qd3 Reb8 28.
Reb1 Qc6 29.Rxb5 Rxb5 30.Rb1 Ra5 31.Kg2 Bxd4 32.cxd4 Ra2+ 33.Kh3 Kg7 34.
Rd1 h5 35.Rd2 Ra4 36.Qf3 Qc1 37.Qf2 Rc4 38.Kg2 Qb1 39.Re2 Qd3 40.Rd2 Qe4+ 
41.Qf3 Rxd4 42.Rxd4 Qxd4 43.Qa3 Qe4+ 44.Kf2 Qc2+ 45.Kf1 Qd1+ 46.Kf2 Qd2+ 
47.Kg1 d4 48.Qe7 Qe1+ 49.Kg2 Qe4+ 50.Kf2 Qd5 51.Ke2 d3+ 52.Kd2 Qd4 53.Qf6+
Kg8 54.Qe7 Qf2+ 55.Kxd3 Qxh2 56.Qg5 Qh3 57.Ke3 Qg2 58.Qd8+ Kh7 59.Qg5 Qg1+
60.Ke2 Qg2+ 61.Ke3 Qb7 62.Qf6 Qb3+ 63.Kf2 Qc2+ 64.Kg1 Qf5 65.Qe7 Kg7 66.
Qh4 f6 67.exf6+ Qxf6 68.Qh3 Qd4+ 69.Kf1 Qd1+ 70.Kf2 Qc2+ 71.Ke3 Qf5 72.Qf1
Qc5+ 73.Kf3 Qd5+ 74.Ke3 Qc5+ 75.Kf3 Qd5+ 76.Ke3 Qb3+ 77.Kf2 Qb2+ 78.Kf3 
Qc3+ 79.Kg2 e5 80.fxe5 Qxe5 81.Qf2 Qd5+ 82.Kh2 Qe6 83.Qd4+ Kh7 84.Qf4 Qe7 
85.Qd2 Qf6 86.Qd7+ Kh6 87.Qd2+ g5 88.Kg2 Qc6+ 89.Kh2 Qe6 90.Qc2 Qg6 91.Qb2
Qe6 92.Kg2 g4 93.Qd2+ Kg6 94.Kh2 Qe5 95.Qc2+ Kf6 96.Qd2 Kf5 97.Qd3+ Ke6 
98.Qg6+ Kd5 99.Qd3+ Kc5 100.Qa3+ Kc4 101.Qc1+ Qc3 102.Qf4+ Kd3 103.Qf5+ 
Ke3 104.Qe6+ Kf2 105.Qa2+ Ke1 106.Qe6+ Kd2 107.Qh6+ Qe3 108.Qxh5 Qf2+ 109.
Kh1 Qe1+ 110.Kg2 Qe2+ 111.Kh1 Ke1 112.Kg1 Qf1+ 113.Kh2 Qf2+ 114.Kh1 Qf3+ 
115.Kh2 Qe2+ 116.Kg1 Qe3+ 117.Kg2 Qf2+ 118.Kh1 Qf3+ 119.Kh2 Kf1 120.Qb5+ 
Qe2+ 121.Qxe2+ Kxe2 122.Kg2 Ke3 123.Kf1 Kf3 124.Kg1 Kxg3 0-1

[Event "XIII American Continental"]
[Site "Montevideo URU"]
[Date "2018.06.07"]
[Round "7"]
[White "Visillac, Alejandro"]
[Black "Medrano, Mario"]
[Result "1-0"]
[WhiteElo "1830"]
[BlackElo "2073"]
[EventDate "2018.06.01"]
[PlyCount "67"]

1.e4 c5 2.Nf3 Nc6 3.d3 e6 4.g3 d6 5.Bg2 Nf6 6.O-O Be7 7.Nbd2 O-O 8.Re1 Qc7
9.Nf1 b6 10.Ne3 Bb7 11.Ng5 Rfe8 12.Ng4 Nxg4 13.Qxg4 Nd4 14.Qd1 h6 15.Nf3 
Rad8 16.Be3 Bf6 17.c3 Nxf3+ 18.Qxf3 d5 19.Bxh6 dxe4 20.dxe4 Bxc3 21.Qxc3 
gxh6 22.Qf6 Kh7 23.Rad1 Re7 24.Bf3 Red7 25.Rxd7 Rxd7 26.h4 Qd8 27.Qf4 b5 
28.Bh5 Qc7 29.Qf6 e5 30.Bg4 Rd6 31.Bf5+ Kg8 32.Qxe5 a5 33.Kh2 b4 34.Rd1 
1-0

[Event "XIII American Continental"]
[Site "Montevideo URU"]
[Date "2018.06.07"]
[Round "7"]
[White "Bustelo, Tabare"]
[Black "Ortiz, Jorge"]
[Result "1-0"]
[WhiteElo "2050"]
[BlackElo "1784"]
[EventDate "2018.06.01"]
[PlyCount "57"]

1.e4 e6 2.d4 d5 3.exd5 exd5 4.c4 Nf6 5.Bd3 c6 6.Nc3 Bb4 7.Bg5 O-O 8.Ne2 
Be6 9.cxd5 Qxd5 10.Bxf6 gxf6 11.O-O Qh5 12.Ne4 Nd7 13.a3 Be7 14.N4g3 Qg4 
15.Qc2 Qh4 16.Nf5 Bxf5 17.Bxf5 Rfd8 18.f4 c5 19.Rf3 cxd4 20.Rh3 d3 21.Qxd3
Bc5+ 22.Kh1 Qf2 23.Bxd7 Rxd7 24.Qxd7 Qxe2 25.Qf5 Bf2 26.Qxh7+ Kf8 27.Qh8+ 
Ke7 28.Qxa8 Qxb2 29.Rd1 1-0

[Event "XIII American Continental"]
[Site "Montevideo URU"]
[Date "2018.06.07"]
[Round "7"]
[White "Caceres Vasquez, Sergio"]
[Black "Marques, Ubiratan De Azevedo"]
[Result "1-0"]
[WhiteElo "2041"]
[BlackElo "1777"]
[EventDate "2018.06.01"]
[PlyCount "115"]

1.d4 Nf6 2.c4 c6 3.Nf3 d5 4.Qc2 g6 5.e3 Bg7 6.Bd3 dxc4 7.Bxc4 Bf5 8.Qb3 
Nd5 9.Nc3 O-O 10.Nxd5 cxd5 11.Bxd5 Nc6 12.Bxc6 bxc6 13.O-O Be4 14.Qd1 Qd5 
15.Bd2 Rab8 16.Bc3 Bf6 17.Ne1 Bg5 18.Qe2 Qd7 19.Nd3 Qc8 20.Nc5 Bf5 21.e4 
Bg4 22.f3 Be6 23.Nxe6 Qxe6 24.f4 Bf6 25.f5 gxf5 26.Rxf5 h6 27.Raf1 Qxa2 
28.Rxf6 exf6 29.Qg4+ Kh7 30.Qf5+ Kg8 31.d5 Rxb2 32.Qg4+ Kh7 33.Bxf6 Rxg2+ 
34.Qxg2 Rg8 35.Qxg8+ Kxg8 36.d6 Qe6 37.e5 h5 38.Rf2 a5 39.Rd2 Qd7 40.h3 a4
41.Kg2 Kh7 42.Kg3 Kg6 43.Kf4 Qf5+ 44.Kg3 h4+ 45.Kg2 Qd7 46.Bxh4 a3 47.Bf2 
Kf5 48.Bc5 Kxe5 49.Bxa3 c5 50.Bxc5 Qc6+ 51.Kf1 Qxc5 52.d7 Qc4+ 53.Re2+ Kf4
54.d8=Q Qc1+ 55.Kg2 Qc6+ 56.Kh2 f6 57.Qd4+ Kg5 58.Qg4+ 1-0

[Event "XIII American Continental"]
[Site "Montevideo URU"]
[Date "2018.06.07"]
[Round "7"]
[White "Manzi, Luiz Antonio Bardaro"]
[Black "Cortes Arias, Mariela"]
[Result "1-0"]
[WhiteElo "2030"]
[BlackElo "1830"]
[EventDate "2018.06.01"]
[PlyCount "77"]

1.Nf3 Nf6 2.g3 c5 3.Bg2 g6 4.c4 d5 5.cxd5 Qxd5 6.Nc3 Qd6 7.O-O Nc6 8.d3 e5
9.Bg5 Bg7 10.Rc1 Bf5 11.Nd2 O-O 12.Bxf6 Qxf6 13.Nce4 Qe6 14.Nxc5 Qxa2 15.
Nc4 Rad8 16.Ra1 Qxc4 17.dxc4 Rxd1 18.Rfxd1 Rc8 19.e4 Bg4 20.f3 Bxf3 21.
Bxf3 Nd4 22.Rxd4 exd4 23.Nd3 Rxc4 24.Rxa7 b6 25.Ra8+ Bf8 26.Rb8 Rc2 27.
Rxb6 Bh6 28.Nf4 d3 29.Rb8+ Kg7 30.Rd8 d2 31.b4 Bg5 32.Rd7 Bf6 33.Kf1 Bc3 
34.b5 Rc1+ 35.Kg2 Ba5 36.e5 Rc2 37.Kh3 g5 38.Nh5+ Kg6 39.Be4+ 1-0

[Event "XIII American Continental"]
[Site "Montevideo URU"]
[Date "2018.06.07"]
[Round "7"]
[White "Bon, Charles"]
[Black "Torella, Rodolfo"]
[Result "0-1"]
[WhiteElo "1591"]
[BlackElo "2016"]
[EventDate "2018.06.01"]
[PlyCount "66"]

1.e4 c5 2.Nf3 Nc6 3.d4 cxd4 4.Nxd4 Nf6 5.Nc3 e5 6.Ndb5 d6 7.Bg5 a6 8.Na3 
b5 9.Bxf6 gxf6 10.Nd5 Bg7 11.c3 f5 12.exf5 Bxf5 13.Nc2 O-O 14.Nce3 Be6 15.
Qh5 f5 16.Bd3 b4 17.O-O bxc3 18.bxc3 Qa5 19.Bxf5 Bxf5 20.Nxf5 Qxd5 21.Qg5 
Ra7 22.Rad1 Qxa2 23.Rxd6 Qc4 24.Rfd1 Kh8 25.Rd7 Rxd7 26.Rxd7 Rf7 27.Rd6 
Qxc3 28.h4 Qe1+ 29.Kh2 Qxf2 30.Nxg7 Rxg7 31.Rd2 Rxg5 32.Rxf2 Rg4 33.Kh3 
Rc4 0-1

[Event "XIII American Continental"]
[Site "Montevideo URU"]
[Date "2018.06.07"]
[Round "7"]
[White "Soto, Nicolas"]
[Black "Areco, Antonio"]
[Result "1-0"]
[WhiteElo "2011"]
[BlackElo "1746"]
[EventDate "2018.06.01"]
[PlyCount "87"]

1.e4 c5 2.Nf3 e6 3.d4 cxd4 4.Nxd4 Nf6 5.Bd3 a6 6.c4 Bb4+ 7.Nc3 Qc7 8.O-O 
Nc6 9.Nxc6 dxc6 10.Be3 O-O 11.Na4 Nd7 12.a3 Be7 13.f4 b5 14.cxb5 cxb5 15.
Rc1 Qa5 16.Nc5 Nxc5 17.Bxc5 Bxc5+ 18.Rxc5 Bb7 19.Qe1 Qb6 20.Qf2 Rfd8 21.
Rc3 Qxf2+ 22.Kxf2 Rac8 23.Rxc8 Rxc8 24.g3 Kf8 25.Ke3 Ke7 26.Rd1 h6 27.Bb1 
f6 28.h4 e5 29.fxe5 fxe5 30.Rf1 Rf8 31.Rf5 Rxf5 32.exf5 Kd6 33.b4 Bd5 34.
g4 Ke7 35.g5 Kd6 36.Be4 hxg5 37.hxg5 Bb3 38.Bb7 Bc2 39.Bxa6 Bxf5 40.Bxb5 
Bc8 41.a4 Bb7 42.Bd3 Kc7 43.a5 Bd5 44.b5 1-0

[Event "XIII American Continental"]
[Site "Montevideo URU"]
[Date "2018.06.07"]
[Round "7"]
[White "Reolon, Victor"]
[Black "Durante, Aurelio"]
[Result "1-0"]
[WhiteElo "1678"]
[BlackElo "2006"]
[EventDate "2018.06.01"]
[PlyCount "83"]

1.d4 d5 2.c4 c6 3.Nc3 Nf6 4.Nf3 dxc4 5.a4 e6 6.e3 Bb4 7.Ne5 O-O 8.Bd2 Nbd7
9.Nxc4 Qe7 10.Qc2 e5 11.O-O-O a5 12.dxe5 Nxe5 13.Nb6 Rb8 14.Nxc8 Rfxc8 15.
h3 h6 16.f4 Ned7 17.Bd3 Nc5 18.Bf5 Rd8 19.g4 Bxc3 20.Bxc3 Qxe3+ 21.Kb1 
Nce4 22.Bxa5 Rxd1+ 23.Rxd1 b6 24.Rd3 Qc5 25.Be1 g6 26.Qxc5 Nxc5 27.Rd6 Nd5
28.Bc2 Nxf4 29.Rxc6 Nfe6 30.Bf2 Nd8 31.Rf6 Nde6 32.b4 Nd7 33.Rf3 Ne5 34.
Re3 Nc4 35.Rc3 Ne5 36.Bg3 f6 37.Bb3 Re8 38.Bxe5 fxe5 39.Rc6 Kf7 40.Rxb6 e4
41.Rxe6 Rxe6 42.Kc2 1-0

[Event "XIII American Continental"]
[Site "Montevideo URU"]
[Date "2018.06.07"]
[Round "7"]
[White "Izquierdo, Sebastian"]
[Black "Ferrari, Carlos"]
[Result "1-0"]
[WhiteElo "1992"]
[BlackElo "1703"]
[EventDate "2018.06.01"]
[PlyCount "79"]

1.d4 Nf6 2.Nf3 d5 3.c4 e6 4.g3 Nbd7 5.Bg2 c5 6.cxd5 exd5 7.dxc5 Bxc5 8.O-O
O-O 9.Nc3 Nb6 10.Nd4 Be6 11.b3 Rc8 12.Bb2 Nbd7 13.e3 a6 14.h3 Ba7 15.Rc1 
h6 16.Nce2 Qe7 17.Nf4 Bb8 18.Ndxe6 fxe6 19.Ng6 Qf7 20.Nxf8 Rxf8 21.Qd3 Qh5
22.Rc2 Bd6 23.Rfc1 Ne8 24.f4 Qf7 25.e4 dxe4 26.Bxe4 Qe7 27.Bg2 e5 28.Bd5+ 
Kh8 29.f5 Qg5 30.h4 Qg4 31.Qf3 Qb4 32.Bxb7 Nef6 33.Rc4 Qb6+ 34.Kg2 e4 35.
Bxe4 Re8 36.Rc8 Rxc8 37.Rxc8+ Kh7 38.Bc2 Qa5 39.Bd3 Qb6 40.Qc6 1-0

[Event "XIII American Continental"]
[Site "Montevideo URU"]
[Date "2018.06.07"]
[Round "7"]
[White "Aranha Filho, Alvaro Zimmermann"]
[Black "Zaruski, Julio"]
[Result "1-0"]
[WhiteElo "2304"]
[BlackElo "1862"]
[EventDate "2018.06.01"]
[PlyCount "61"]

1.e4 e5 2.Nf3 d6 3.d4 Nd7 4.Bc4 Be7 5.dxe5 dxe5 6.Qd5 Nh6 7.Bxh6 O-O 8.Bc1
Nb6 9.Qxd8 Rxd8 10.Bb3 a5 11.a3 a4 12.Ba2 Be6 13.Bxe6 fxe6 14.Nxe5 Ra5 15.
Nd3 c5 16.Bd2 Raa8 17.Bc3 c4 18.Ne5 Rac8 19.Nf3 g5 20.Nbd2 g4 21.Ne5 Bf6 
22.Nxg4 Bxc3 23.bxc3 Kg7 24.Ke2 Rc5 25.Rab1 h5 26.Ne3 Rc6 27.Rb4 Rcd6 28.
Ndxc4 Nxc4 29.Nxc4 R6d7 30.Rhb1 Kf6 31.Rxb7 1-0

[Event "XIII American Continental"]
[Site "Montevideo URU"]
[Date "2018.06.07"]
[Round "7"]
[White "Avgoustopoulos, Christian"]
[Black "Malan, Lucia"]
[Result "1-0"]
[WhiteElo "2110"]
[BlackElo "1733"]
[EventDate "2018.06.01"]
[PlyCount "91"]

1.e4 c5 2.Nf3 d6 3.d4 cxd4 4.Nxd4 Nf6 5.Nc3 g6 6.Be3 Bg7 7.f3 Nc6 8.Qd2 
O-O 9.O-O-O Bd7 10.Nb3 Rc8 11.g4 Na5 12.h4 h5 13.e5 Nxb3+ 14.axb3 Nxg4 15.
fxg4 Bxg4 16.Be2 Bxe2 17.Nxe2 Bxe5 18.Bd4 Bxd4 19.Nxd4 Qc7 20.Rh2 Kh7 21.
Rg2 a6 22.Nf5 Qxc2+ 23.Qxc2 Rxc2+ 24.Kxc2 gxf5 25.Rdg1 f4 26.Rg7+ Kh6 27.
Rg8 Rxg8 28.Rxg8 d5 29.Kd3 e5 30.Ke2 f6 31.Kf3 Kh7 32.Rg1 Kh6 33.b4 b5 34.
Rg8 Kh7 35.Ra8 Kg6 36.Rh8 f5 37.Rg8+ Kf6 38.Rg5 d4 39.Rxh5 d3 40.Rh6+ Ke7 
41.Rxa6 Kd7 42.Ra3 Ke7 43.Ra6 Kf7 44.h5 Kg7 45.Re6 e4+ 46.Kxf4 1-0

[Event "XIII American Continental"]
[Site "Montevideo URU"]
[Date "2018.06.07"]
[Round "7"]
[White "Barandiaran, Gabriel"]
[Black "Tregarthen, Emiliano"]
[Result "0-1"]
[WhiteElo "1882"]
[BlackElo "2083"]
[EventDate "2018.06.01"]
[PlyCount "56"]

1.e4 c5 2.Nf3 d6 3.c3 Nf6 4.d3 g6 5.g3 Bg7 6.Bg2 O-O 7.O-O Nc6 8.Nbd2 Rb8 
9.a4 a6 10.Nc4 b5 11.axb5 axb5 12.Ne3 Bb7 13.Nh4 b4 14.f4 bxc3 15.bxc3 e6 
16.Qc2 d5 17.Ba3 Nd7 18.exd5 exd5 19.Nxd5 Nb6 20.Nxb6 Qxb6 21.d4 cxd4 22.
Bxf8 dxc3+ 23.Kh1 Kxf8 24.Rab1 Nb4 25.Bxb7 Qxb7+ 26.Qg2 c2 27.Qxb7 Rxb7 
28.Rb3 Rd7 0-1

[Event "XIII American Continental"]
[Site "Montevideo URU"]
[Date "2018.06.07"]
[Round "7"]
[White "Belistri, Ubaldo"]
[Black "Chang, Suzana"]
[Result "0-1"]
[WhiteElo "1867"]
[BlackElo "1994"]
[EventDate "2018.06.01"]
[PlyCount "122"]

1.d4 Nf6 2.c4 e6 3.Nc3 Bb4 4.e3 O-O 5.Bd3 d5 6.Nf3 dxc4 7.Bxc4 c5 8.O-O 
cxd4 9.exd4 b6 10.Qe2 Bb7 11.Rd1 Nd5 12.Ne4 Nd7 13.h4 h6 14.Bd3 Re8 15.g3 
Rc8 16.Ne5 f5 17.Nd2 Nxe5 18.dxe5 Bc6 19.Nb3 Qd7 20.Nd4 Ba4 21.Nb3 Qf7 22.
Bd2 Bc5 23.Rdc1 Be7 24.Rxc8 Rxc8 25.Rc1 Rxc1+ 26.Bxc1 Qe8 27.Nd4 Qd7 28.b3
Bc6 29.Nxc6 Qxc6 30.Bd2 Ba3 31.Qh5 Qd7 32.Qg6 Qf7 33.Qxf7+ Kxf7 34.h5 Ke7 
35.f3 Bb2 36.f4 Bc3 37.Bxc3 Nxc3 38.a3 Kd7 39.Kf2 Kc6 40.Kf3 b5 41.g4 
fxg4+ 42.Kxg4 Kd5 43.Bg6 a5 44.Bf7 b4 45.axb4 axb4 46.f5 Kxe5 47.Bxe6 Ne4 
48.Bc8 Nf6+ 49.Kh4 Kf4 50.Be6 Ne4 51.Bf7 Nd6 52.Be6 Nxf5+ 53.Kh3 Kg5 54.
Kg2 Nh4+ 55.Kf2 Kxh5 56.Ke2 Ng2 57.Bf7+ Kg5 58.Kd3 Nf4+ 59.Kc4 h5 60.Kxb4 
h4 61.Kc4 Kf6 0-1

[Event "XIII American Continental"]
[Site "Montevideo URU"]
[Date "2018.06.07"]
[Round "7"]
[White "Lanaro, Emilio"]
[Black "Moccero, Eduardo"]
[Result "1/2-1/2"]
[WhiteElo "1760"]
[BlackElo "1970"]
[EventDate "2018.06.01"]
[PlyCount "82"]

1.d4 d5 2.Bf4 e6 3.e3 Nf6 4.Nd2 c5 5.c3 Nc6 6.Ngf3 Bd6 7.Bg3 Bxg3 8.hxg3 
Qd6 9.Bd3 cxd4 10.exd4 a6 11.Qc2 g6 12.a4 Bd7 13.O-O Rc8 14.Rfe1 Nb4 15.
Qb1 Nxd3 16.Qxd3 O-O 17.Ne5 Nh5 18.g4 Ng7 19.Re3 f6 20.Nxd7 Qxd7 21.Nb3 a5
22.Nc5 Qc6 23.b4 b6 24.b5 Qd6 25.Na6 e5 26.dxe5 fxe5 27.Rd1 Rfd8 28.c4 
Rxc4 29.Qxc4 dxc4 30.Rxd6 Rxd6 31.Rc3 Rd4 32.Nc7 Rxg4 33.Na8 Nf5 34.Nxb6 
Nd6 35.f3 Rd4 36.Nd7 Nxb5 37.axb5 Rxd7 38.Rxc4 Kf7 39.Ra4 Ra7 40.b6 Rb7 
41.Rxa5 Rxb6 1/2-1/2

[Event "XIII American Continental"]
[Site "Montevideo URU"]
[Date "2018.06.07"]
[Round "7"]
[White "Palmieri, Daniel"]
[Black "Palma Neira, Eliseo Maximiliano"]
[Result "0-1"]
[WhiteElo "1746"]
[BlackElo "1956"]
[EventDate "2018.06.01"]
[PlyCount "68"]

1.Nf3 Nf6 2.b3 d5 3.Bb2 c5 4.e3 Nc6 5.Be2 d4 6.Bb5 dxe3 7.fxe3 Bd7 8.Nc3 
a6 9.Bxc6 Bxc6 10.O-O Qc7 11.Ne2 Ng4 12.Nf4 O-O-O 13.Qe1 e5 14.Qg3 Nxh2 
15.Qxh2 exf4 16.Be5 Bd6 17.Qxf4 f6 18.Bxd6 Rxd6 19.d3 g5 20.Qc4 Bd5 21.
Qg4+ Be6 22.Qg3 h5 23.e4 h4 24.Qf2 h3 25.g3 h2+ 26.Kh1 Rd7 27.Ne1 f5 28.
exf5 Bd5+ 29.Ng2 Rh3 30.f6 Rxg3 31.Rae1 Bxg2+ 32.Qxg2 Rxg2 33.Kxg2 Qc6+ 
34.Kxh2 Rf7 0-1

[Event "XIII American Continental"]
[Site "Montevideo URU"]
[Date "2018.06.07"]
[Round "7"]
[White "Rodriguez Farias, Eduardo"]
[Black "Gomes, Marco Tulio Caldeira"]
[Result "1-0"]
[WhiteElo "1943"]
[BlackElo "1692"]
[EventDate "2018.06.01"]
[PlyCount "121"]

1.e4 c5 2.Nf3 Nc6 3.c3 Nf6 4.e5 Nd5 5.d4 cxd4 6.cxd4 e6 7.Bc4 Nb6 8.Bb3 d6
9.Qe2 Be7 10.O-O O-O 11.Nc3 d5 12.Be3 a6 13.Bc2 Nb4 14.Bb1 Nc4 15.a3 Nc6 
16.b3 N4a5 17.Nd2 b5 18.f4 g6 19.g4 Ra7 20.f5 exf5 21.gxf5 gxf5 22.Bh6 Kh8
23.Bxf8 Bxf8 24.Qh5 Nxd4 25.Nf3 Bc5 26.Kh1 Naxb3 27.Ra2 Be6 28.Rg2 Qf8 29.
Rfg1 Nxf3 30.Rg8+ Qxg8 31.Rxg8+ Kxg8 32.Qxf3 Nd4 33.Qg2+ Kf8 34.Nxd5 Bxa3 
35.Nf6 Ke7 36.Qg8 Bd7 37.Nd5+ Ke6 38.Nf4+ Ke7 39.Ba2 Bc6+ 40.Bd5 Bxd5+ 41.
Nxd5+ Ke6 42.Ne3 Kxe5 43.Qb8+ Ke4 44.Ng2 Bc5 45.Qf4+ Kd5 46.Ne3+ Ke6 47.
Qb8 Nc6 48.Qc8+ Ke5 49.Qxf5+ Kd4 50.Qd5+ Kxe3 51.Qxc5+ Kd3 52.Qxc6 Ke2 53.
Qe4+ Kf1 54.Qf3+ Ke1 55.Qe3+ Kf1 56.Qxa7 f5 57.Qxa6 Kf2 58.Qxb5 f4 59.Qc5+
Kf1 60.Qc4+ Kf2 61.Qxf4+ 1-0

[Event "XIII American Continental"]
[Site "Montevideo URU"]
[Date "2018.06.07"]
[Round "7"]
[White "Ramos, Angelo Bil"]
[Black "Fein, Jorge"]
[Result "1-0"]
[WhiteElo "1926"]
[BlackElo "1648"]
[EventDate "2018.06.01"]
[PlyCount "69"]

1.e4 e5 2.Nf3 Nc6 3.Bb5 a6 4.Ba4 b5 5.Bb3 Nd4 6.Nxd4 exd4 7.Bxf7+ Kxf7 8.
Qh5+ Ke7 9.Qe5+ Kf7 10.Qd5+ Ke8 11.Qxa8 c6 12.d3 Bd6 13.O-O Ne7 14.Qa7 c5 
15.Bg5 Rf8 16.Nd2 Kf7 17.e5 Bxe5 18.Qxc5 Bf6 19.Bxf6 gxf6 20.Qxd4 Rg8 21.
Ne4 Rg6 22.Rae1 d5 23.Ng3 Nc6 24.Qf4 Rg4 25.Qh6 Qg8 26.f3 Rg6 27.Qf4 Qd8 
28.Kh1 d4 29.Re2 a5 30.Rfe1 a4 31.a3 h6 32.Ne4 Kg7 33.Qd6 Bd7 34.Nc5 Ne5 
35.Ne6+ 1-0

[Event "XIII American Continental"]
[Site "Montevideo URU"]
[Date "2018.06.07"]
[Round "7"]
[White "Solari, Pablo"]
[Black "Busca, Joaquin"]
[Result "0-1"]
[WhiteElo "1678"]
[BlackElo "1889"]
[EventDate "2018.06.01"]
[PlyCount "106"]

1.d4 Nf6 2.Nf3 g6 3.c4 Bg7 4.Nc3 d5 5.cxd5 Nxd5 6.e4 Nxc3 7.bxc3 c5 8.Be3 
O-O 9.Be2 Nc6 10.O-O cxd4 11.cxd4 Bg4 12.Rb1 b6 13.d5 Na5 14.h3 Bxf3 15.
Bxf3 Nc4 16.Bd4 Bh6 17.Re1 Rc8 18.Qd3 Nd2 19.Rb2 Nxf3+ 20.Qxf3 Rc4 21.Be3 
Bg7 22.Rbe2 Qc8 23.Bf4 Rd8 24.h4 h5 25.Qg3 Rc3 26.f3 Qc5+ 27.Kh2 Qc4 28.
Be5 Bxe5 29.Qxe5 Qc7 30.Qxc7 Rxc7 31.Kg3 b5 32.Kf4 a5 33.g4 hxg4 34.fxg4 
Kg7 35.Rb2 b4 36.Ree2 Rc3 37.Re3 Rdc8 38.g5 Rc1 39.Rbb3 f6 40.gxf6+ Kxf6 
41.e5+ Kg7 42.d6 exd6 43.exd6 Rd8 44.Rbd3 Rc6 45.Ke5 a4 46.Ke6 b3 47.axb3 
axb3 48.Ke7 b2 49.Re1 Rc1 50.Rdd1 b1=Q 51.Rxc1 Qb6 52.Re6 Rxd6 53.Rxd6 
Qe3+ 0-1